000 00843nam a22002657a 4500
003 DO-SdBNP
005 20240712104257.0
008 210415b2015 dr 00| 0 spa d
020 _a9789945084481
040 _aBPMSU
_bspa
_cBPMSU
082 4 _aRD863.44
_bV297r 2015
_222
100 1 _aVarga, Rosa Julia
_d1978 -
245 1 3 _aEl rastro de Caín /
_cRosa Julia Vargas
250 _a 2a. ed
260 _aSanto Domingo :
_bBúho
_c2015.
300 _a250 p. ;
_c19 cm .
500 _aIncluye Datos biográficos de la autora en la solapas de la cubierta
590 _ainventariado, 2024/VM
650 4 _aNovela dominicana
650 4 _aNovela social dominicana
650 4 _aProblemas sociales
_zRepública Dominicana
_vNovela
650 4 _aLiteratura dominicana
910 _aVMateo V. Control de calidad. BPMSU
942 _2ddc
_cBK
999 _c13421
_d13421